[Event "ARM-ch Rapid 2019"]
[Site "Yerevan"]
[Date "2019.01.22"]
[Round "3.4"]
[White "Vardanian, Haik V."]
[Black "Mkrtchyan, Sargis R."]
[Result "1-0"]
[WhiteElo "2234"]
[BlackElo "2199"]
[PlyCount "83"]
[EventDate "2019.01.22"]
[EventType "tourn"]
[EventCountry "ARM"]
[TimeControl "40/5400+30:1800+30"]
[WhiteClock "0:00:12"]
[BlackClock "0:00:48"]

1. e4 {[%emt 1:15:12]} c5 {[%emt 1:15:14]} 2. c3 {[%emt 0:00:37]} Nf6 {[%emt 0:00:26]} 3. e5 {[%emt 0:00:22]} Nd5 {[%emt 0:00:23]} 4. d4 {[%emt 0:00:22]} cxd4 {[%emt 0:01:01]} 5. Nf3 {[%emt 0:00:22]} e6 {[%emt 0:00:35]} 6. cxd4 {[%emt 0:00:23]} d6 {[%emt 0:01:03]} 7. Bc4 {[%emt 0:00:27]} Nc6 {[%emt 0:01:04]} 8. O-O {[%emt 0:00:23]} Be7 {[%emt 0:00:50]} 9. Qe2 {[%emt 0:00:25]} O-O {[%emt 0:00:37]} 10. Qe4 {[%emt 0:00:22]} Kh8 {[%emt 0:02:53]} 11. exd6 {[%emt 0:03:58]} Qxd6 {[%emt 0:01:10]} 12. a3 {[%emt 0:01:13]} f5 {[%emt 0:03:07]} 13. Qd3 {[%emt 0:00:54]} Bf6 {[%emt 0:00:52]} 14. Rd1 {[%emt 0:01:56]} Bd7 {[%emt 0:01:08]} 15. Nc3 {[%emt 0:00:34]} Nxc3 {[%emt 0:01:19]} 16. bxc3 {[%emt 0:00:32]} Na5 {[%emt 0:00:45]} 17. Bb5 {[%emt 0:01:29]} Rac8 {[%emt 0:00:45]} 18. Bf4 {[%emt 0:02:50]} Qd5 {[%emt 0:01:07]} 19. Bxd7 {[%emt 0:00:40]} Qxd7 {[%emt 0:00:23]} 20. Re1 {[%emt 0:02:39]} Rc6 {[%emt 0:01:28]} 21. Be5 {[%emt 0:00:43]} Rfc8 {[%emt 0:00:57]} 22. Rac1 {[%emt 0:01:17]} Nc4 {[%emt 0:02:14]} 23. Bxf6 {[%emt 0:00:24]} gxf6 {[%emt 0:00:21]} 24. Nd2 {[%emt 0:01:04]} Qd5 {[%emt 0:00:54]} 25. Nxc4 {[%emt 0:00:59]} Rxc4 {[%emt 0:00:22]} 26. Qe3 {[%emt 0:00:41]} Rg8 {[%emt 0:01:12]} 27. g3 {[%emt 0:00:22]} Rc6 {[%emt 0:01:04]} 28. Qh6 {[%emt 0:00:50]} Qd8 {[%emt 0:00:24]} 29. Re3 {[%emt 0:00:42]} Rg6 {[%emt 0:00:32]} 30. Qf4 {[%emt 0:00:23]} Rg4 {[%emt 0:00:26]} 31. Qf3 {[%emt 0:00:22]} Rxd4 {[%emt 0:00:24]} 32. Rxe6 {[%emt 0:01:09]} Rxe6 {[%emt 0:00:44]} 33. cxd4 {[%emt 0:00:23]} Rc6 {[%emt 0:00:33]} 34. Rd1 {[%emt 0:00:36]} Qd7 {[%emt 0:00:29]} 35. Qf4 {[%emt 0:00:47]} Kg7 {[%emt 0:00:27]} 36. h4 {[%emt 0:00:22]} Rc4 {[%emt 0:00:26]} 37. h5 {[%emt 0:00:28]} Qa4 {[%emt 0:00:30]} 38. Re1 {[%emt 0:00:41]} Rxd4 {[%emt 0:00:38]} 39. Re7+ {[%emt 0:00:35]} Kf8 {[%emt 0:00:23]} 40. Qc7 {[%emt 0:00:27]} Qd1+ {[%emt 0:00:32]} 41. Kg2 {[%emt 0:30:34]} Qxh5 {[%emt 0:30:36]} 42. Rxh7 {[%emt 0:00:43]} 1-0

[Event "ARM-ch Rapid 2019"]
[Site "Yerevan"]
[Date "2019.01.22"]
[Round "3.5"]
[White "Andriasian, Zaven"]
[Black "Gharagyozyan, Artur"]
[Result "1-0"]
[WhiteElo "2604"]
[BlackElo "2253"]
[Annotator "TA"]
[PlyCount "93"]
[EventDate "2019.01.22"]
[EventType "tourn"]
[EventCountry "ARM"]

{[%evp 9,93,7,18,11,11,9,11,9,16,13,13,14,21,4,11,-8,-8,-6,-4,-2,33,44,43,39,48,32,32,9,35,0,48,13,43,0,64,0,36,0,4,15,0,-40,-34,-68,24,0,130,152,151,146,404,404,387,322,325,298,304,173,184,185,203,118,118,118,120,120,119,120,126,100,447,445,423,413,704,1015,832,817,2527,1893,1683,1582,1482,1312,4133,4133]} 1. e4 Nf6 2. Nc3 e5 3. Bc4 Nc6 4. d3 Be7 5. Nge2 O-O 6. O-O {C28: Vienna Game: 2...Nf6 3 Bc4 Nc6} Na5 7. a4 Nxc4 8. dxc4 {The position is equal.} d6 9. b3 (9. Qd3 Be6 10. b3 c6 11. Ba3 Qc7 12. Rfd1 Rfd8 13. Qe3 h6 14. h3 {1-0 (48) Anand,V (2783)-Santos Latasa,J (2542) Leon 2017}) 9... a5 10. Ng3 Be6 11. Qd3 Nd7 12. Nb5 $146 ({Predecessor:} 12. Ba3 Bg5 13. Rad1 b6 14. Nd5 {½-½ (38) Wei,Y (2625)-Zhao,J (2608) Xinghua 2014}) 12... Nc5 13. Qe2 c6 14. Nc3 g6 15. Bh6 Re8 16. Rad1 Qc7 17. f4 exf4 18. Rxf4 Nd7 19. h3 Rad8 20. Kh1 Ne5 21. Rdf1 Rd7 (21... f6 $11 22. R4f2 d5 23. exd5 cxd5 24. Nxd5 Bxd5 25. cxd5 Rxd5) 22. Qf2 (22. Nf5 $1 $14) 22... Qd8 23. Nce2 (23. Nf5 $5) 23... d5 24. cxd5 cxd5 25. Nd4 (25. Nf5 $5 Bxf5 26. exf5 $11) 25... Bc5 {[#] Threatens to win with ...dxe4.} 26. Nge2 b6 (26... dxe4 $1 $15 27. Nxe6 Bxf2 28. Nxd8 Be3 29. Rxf7 Rdxd8 30. Rg7+ Kh8 31. Rxh7+ Kxh7 32. Bxe3 Kg8) 27. Qg3 $11 ({Wrong is} 27. Nxe6 $2 fxe6 28. Qg3 Nf7 $19) 27... Bxd4 (27... dxe4 $11 28. Rxe4 f6 29. Nxe6 Rxe6) 28. Nxd4 $16 dxe4 {[#]} 29. Bg5 $1 {[%cal Rg5d8]} Rxd4 $4 {[%mdl 8192]} (29... Qb8 $16) 30. Bxd8 $18 Rexd8 31. Rf6 Nd7 32. Rxe6 fxe6 33. Qc7 (33. Qf2 $142 Rf8 34. Qxd4 Rxf1+ 35. Kh2) 33... Rf8 34. Re1 Rf2 35. Kg1 ({Better is} 35. c3 $18 Rdd2 36. Rxe4) 35... Rdd2 $16 36. Qg3 $36 {[%mdl 2048] White is in control.} ({Don't play} 36. Rxe4 $6 Rxg2+ 37. Kh1 Rgf2 $11) 36... Rxc2 37. Qxf2 ({But not} 37. Rxe4 Rxg2+ 38. Qxg2 Rxg2+ 39. Kxg2 Kf7 $14) 37... Rxf2 38. Kxf2 {[%mdl 4096] Endgame Hoping for Rd1. KR-KN} Nc5 {aiming for ...Nd3+.} 39. Ke3 e5 $2 {[%mdl 8192]} (39... Kf7 $16) 40. Rd1 $18 Nxb3 41. Kxe4 Kg7 (41... Kf8 $142 42. Kxe5 Ke7) 42. Kxe5 {White is clearly winning.} Nc5 43. Rd4 Kh6 44. Kd5 Nb3 45. Rg4 Kg7 46. Kc6 h5 47. Rc4 {Accuracy: White = 52%, Black = 33%.} 1-0

[Event "ARM-ch Rapid 2019"]
[Site "Yerevan"]
[Date "2019.01.22"]
[Round "3.6"]
[White "Dilanyan, Grigor"]
[Black "Petrosian, Tigran L."]
[Result "0-1"]
[WhiteElo "2241"]
[BlackElo "2598"]
[Annotator "TA"]
[PlyCount "108"]
[EventDate "2019.01.22"]
[EventType "tourn"]
[EventCountry "ARM"]

{[%evp 11,108,9,45,26,33,13,16,16,20,23,7,4,0,-17,-17,-17,-8,-15,-22,-32,-27,-36,-19,-40,-40,-46,-43,-52,-52,-80,-88,-106,-104,-115,-121,-222,-209,-273,-256,-281,-270,-330,-320,-391,-376,-495,-491,-452,-309,-282,-251,-237,-230,-268,-242,-243,-242,-237,-212,-454,-467,-442,-464,-531,-528,-403,-536,-518,-500,-310,-283,-953,-929,-2598,-781,-2357,-2347,-1357,-984,-1154,-498,-783,-851,-5106,-3406,-29986,-29987,-29987,-29988,-29989,-29990,-29991,-29991,-29991,-12091,-5206,-2336,-29993,-29994]} 1. Nf3 d6 2. d4 Bg4 3. Nbd2 Nd7 4. h3 Bh5 5. g4 Bg6 6. Bg2 {A41: 1 d4 d6: Tartakower System and Modern Defence} c6 {LiveBook: 3 Publish game on website} 7. e4 e5 8. dxe5 {White is slightly better.} (8. c3 Qc7 9. Nh4 Be7 10. Nf5 Bxf5 11. exf5 d5 12. O-O h5 {1-0 (29) Laznicka,V (2666)-Plat,V (2496) Prague 2016}) 8... dxe5 9. Qe2 Ngf6 $146 ({You set blue moves yourself with the critical opening position annotation.:} 9... h5 10. g5 h4 11. Nc4 Ne7 12. Nd6# {1-0 (12) Potapov,A (2293)-Sergeev,V (2417) chessassistantclub.com INT 2004}) 10. Nc4 Qc7 11. Nh4 b5 12. Nxg6 hxg6 13. Nd2 Nc5 14. Nb3 Ne6 15. Bd2 Be7 16. a4 O-O 17. O-O a6 18. axb5 axb5 19. Be3 Nd7 {[%cal Bf6d7,Bd7b6,Bb6c4][%mdl 32]} 20. Qd2 Nb6 21. Rxa8 Rxa8 {[%cal Bf8a8,Ba8a2,Ba2b2][%mdl 32]} 22. Qe2 Nc4 23. Bc1 (23. Rb1 $17) 23... Ra2 $19 24. c3 Bg5 25. Bxg5 {[#] aiming for &Lc1.} Rxb2 (25... Nxg5 26. Rb1 $17) 26. Qd1 {Hoping for &Lc1.} Nxg5 27. Nc5 Qe7 {White must now prevent ...&Vd2.} 28. Nd3 Rd2 29. Qb1 Qd6 30. Rd1 Rxd1+ 31. Qxd1 Ne6 32. Qc2 g5 33. Bf1 g6 34. Qa2 Kg7 35. Qa7 $2 (35. Kh2) 35... Nd2 36. Qe3 Nxf1 37. Kxf1 Nf4 38. Nxf4 gxf4 {[%mdl 4096] General book An&B-An&B} ({Not} 38... exf4 39. Qd4+ Qxd4 40. cxd4 $17) 39. Qe2 b4 40. cxb4 Qxb4 41. g5 $2 (41. Qd3) 41... c5 {[%cal Bc6c5,Bc5c4,Bc4c3,Bc3c2][%mdl 32]} 42. Qd3 Qd4 (42... c4 $142 43. Qd8 Qb1+ 44. Ke2 Qxe4+ 45. Kf1 f3 46. Qf6+ Kg8 47. Qd8+ Kh7) 43. Ke2 c4 44. Qc2 Kf8 45. h4 Ke7 (45... c3 $142 {Threatens to win with ...&Bc4.} 46. Kf3 Qc4) 46. Qb1 c3 {...&Bd2 is the strong threat.} 47. Qb7+ {[#]} Kf8 $1 48. Qc8+ Kg7 49. Qc6 Qd2+ 50. Kf3 c2 51. h5 Qd1+ 52. Kg2 Qg4+ (52... c1=R $142 53. h6+ Kh7 54. Qxc1 Qxc1 55. f3 Qe1 56. Kh2 Qg3+ 57. Kh1 Qxf3+ 58. Kg1 Qe2 59. Kh1 f3 60. Kg1 Qg2#) 53. Kf1 Qh3+ 54. Ke1 Qh1+ {NOTEXT-4805: Tournament = 27%, Annotator = 79%.} 0-1

[Event "ARM-ch Rapid 2019"]
[Site "Yerevan"]
[Date "2019.01.22"]
[Round "3.7"]
[White "Martirosyan, Haik M."]
[Black "Yayloyan, Konstantin"]
[Result "1-0"]
[WhiteElo "2607"]
[BlackElo "2327"]
[Annotator "TA"]
[PlyCount "59"]
[EventDate "2019.01.22"]
[EventType "tourn"]
[EventCountry "ARM"]

{[%evp 18,59,25,35,56,44,51,44,79,75,78,49,75,74,93,70,47,56,78,79,81,26,79,79,79,79,91,95,94,79,79,76,339,337,312,261,385,327,459,456,569,567,565,565]} 1. e4 c5 2. Nf3 d6 3. Bb5+ Nd7 4. O-O a6 5. Bxd7+ Bxd7 6. d4 cxd4 7. Qxd4 e5 8. Qd3 h6 9. c4 {B51: Sicilian: Moscow Variation (3 Bb5+) without 3...Bd7} (9. a4 Nf6 10. a5 Be7 11. c4 b5 12. axb6 Qxb6 13. Nc3 O-O 14. Be3 Qb7 15. h3 Rfc8 16. Nd2 Be6 17. Rfb1 a5 18. b3 Ra6 19. Ra2 Bd7 20. Rba1 {½-½ (20) Wang,H (2730)-Nepomniachtchi,I (2763) St Petersburg 2018}) 9... Nf6 10. Nc3 {LiveBook: 87 Games} Be6 11. b3 {White is slightly better.} Be7 12. Rd1 Qc7 13. a4 O-O 14. Ba3 $146 {[%cal Ra3d6]} ({Predecessor:} 14. Nd2 Nd7 15. Nd5 Bxd5 16. Qxd5 Qc6 17. Ba3 Qxd5 18. cxd5 b5 {0-1 (53) Lacruz Algarate,A (2113)-Quintin Navarro,A (2380) Aragon 2018}) 14... Rfd8 15. Nd2 Nd7 16. Nd5 (16. Nf1 {is more complex.} Nf6 17. Ne3 Rac8 18. Qe2 Rd7 19. Rd3) 16... Bxd5 $1 17. cxd5 Rac8 18. Rdc1 Qb8 19. Rc4 (19. Nc4 $16) 19... Rxc4 (19... b5 $11 {keeps the balance.} 20. axb5 axb5 21. Rxc8 Rxc8) 20. Nxc4 $16 Rc8 21. a5 {[%cal Ba4a5,Ba5b6][%mdl 32]} Qc7 22. Qe3 Bg5 23. Qf3 Be7 24. Bb4 b5 $2 {[%mdl 8192] [#]} (24... Nf6 $16) 25. axb6 $1 $18 Qb7 26. Qe3 ({Much less strong is} 26. Bxd6 Rxc4 27. Bxe7 (27. bxc4 Bxd6 28. Qb3 Nc5 $11) 27... Rc8 $18) 26... Bg5 (26... Rb8 $142 27. Qf3 Rf8) 27. Qe2 Be7 (27... Ra8 $142 28. Bxd6 Nxb6) 28. Bxd6 {White is clearly winning.} Rxc4 29. Qxc4 ({Less strong is} 29. Bxe7 Rc3 $18) 29... Bxd6 30. Qc6 {Precision: White = 78%, Black = 22%.} 1-0

[Event "ARM-ch Rapid 2019"]
[Site "Yerevan"]
[Date "2019.01.22"]
[Round "3.8"]
[White "Mikaelyan, Arman"]
[Black "Danielyan, Vahe"]
[Result "0-1"]
[WhiteElo "2474"]
[BlackElo "2186"]
[Annotator "TA"]
[PlyCount "80"]
[EventDate "2019.01.22"]
[EventType "tourn"]
[EventCountry "ARM"]

{[%evp 11,80,45,42,18,33,18,14,27,29,29,91,45,62,46,89,6,38,0,173,168,170,45,44,41,37,51,82,96,81,-104,-74,-379,-371,-564,-554,-685,-392,-704,-697,-666,-746,-751,-727,-729,-681,-829,-795,-790,-733,-1008,-1002,-1005,-985,-985,-975,-5622,-5714,-6313,-5210,-5816,-2109,-29997,-29996,-29996,-29996,-29996,-29997,-29997,-29998,-29998,-29999]} 1. d4 Nf6 2. Bg5 g6 3. Nc3 Bg7 4. e4 O-O 5. Qd2 d6 6. O-O-O c6 {LiveBook: 28 Games} 7. Bd3 {B07: Pirc Defence: Miscellaneous Systems} (7. Bh6 Qa5 8. Bxg7 Kxg7 9. Kb1 Nbd7 10. h4 h5 11. f3 b5 12. Bd3 b4 13. Nce2 c5 14. g4 Qc7 15. dxc5 dxc5 {0-1 (66) Rublevsky,S (2702)-Mamedyarov,S (2736) Berlin 2015}) 7... Nbd7 8. h4 $146 ({Predecessor:} 8. f4 h6 9. Bh4 e5 10. dxe5 dxe5 11. f5 g5 12. Bf2 b5 13. h4 Nh7 14. Be3 {0-1 (43) Matuszczyk,P-Szatan,R Kolobrzeg 2003}) 8... h5 9. f3 {The position is equal.} b5 10. g4 Qb6 (10... b4 $11 11. Nb1 Qb6) 11. Kb1 Qxd4 12. Nge2 Qb6 {[#] aiming for ...Ne5.} 13. Ng3 ({White should try} 13. gxh5 $16 b4 14. Na4) 13... Ne5 14. gxh5 Nc4 $2 (14... Nxh5 $6 15. Nxh5 gxh5 16. Bxe7 $16) (14... b4 $1 $11 15. Nce2 Nxf3) 15. Bxc4 $18 bxc4 16. e5 (16. Ka1 $18) 16... Nd5 $1 $14 {[%cal Rd5c3]} (16... Nxh5 $2 17. Nxh5 gxh5 18. Bxe7 $18) (16... Rb8 $2 17. Na4 $18) 17. Nxd5 cxd5 18. c3 dxe5 19. hxg6 fxg6 {White must now prevent ...d4.} 20. h5 $2 (20. Bxe7 $6 Rf7 $11) (20. Qxd5+ $16 {and life is bright.} Be6 21. Qe4) 20... Rb8 21. Ka1 $2 {[%mdl 8192]} (21. Rh2 $17) 21... Rxf3 $19 22. h6 (22. Rhg1 $142 gxh5 23. Qc1) 22... Bf6 23. Ne4 Rd3 ({Don't go for} 23... dxe4 $2 24. h7+ Kf7 25. Bxf6 $18) 24. Bxf6 $2 (24. Nxf6+ exf6 25. Qh2) 24... exf6 25. Qg2 Kh7 ({Don't blunder} 25... dxe4 $2 26. Qxg6+ Kf8 27. Rb1 $18) 26. Rxd3 cxd3 27. Ng3 Bg4 28. Qd2 e4 29. Rb1 Qd6 30. Qf2 Rb7 31. Nf1 d4 32. cxd4 Be6 33. Qxf6 Rf7 34. Qg5 {[#]} Bxa2 $1 {[%mdl 512] ( -> ...Qa6)} 35. Kxa2 Rf5 (35... Qa6+ $142 36. Kb3 Rb7+ 37. Kc3 Qa4) 36. Qg3 Qa6+ {Black mates.} 37. Kb3 Rb5+ 38. Kc3 Qc6+ 39. Kd2 Qc2+ 40. Ke3 Qe2+ {Precision: White = 35%, Black = 66%.} ({And not} 40... Qxb1 41. Qc7+ Kxh6 42. Qf4+ Rg5 43. Qh2+ Kg7 44. Qc7+ Kh6 45. Qh2+ Rh5 46. Qf4+ Rg5 47. Qh2+ $11) 0-1

[Event "ARM-ch Rapid 2019"]
[Site "Yerevan"]
[Date "2019.01.22"]
[Round "3.9"]
[White "Sargsyan, Shant"]
[Black "Davtyan, David Arm."]
[Result "1-0"]
[WhiteElo "2486"]
[BlackElo "2346"]
[Annotator "TA"]
[PlyCount "69"]
[EventDate "2019.01.22"]
[EventType "tourn"]
[EventCountry "ARM"]

{[%evp 13,69,17,27,10,19,21,21,19,34,0,0,0,0,0,0,0,0,-15,-4,-14,-14,-13,-14,-10,-12,-20,0,0,0,-8,-11,-20,-8,-19,-9,-24,0,0,0,-16,35,33,22,22,32,25,28,29,229,193,358,352,354,354,445,429,1260,1248]} 1. e4 c5 2. Nf3 Nc6 3. Bb5 g6 4. O-O Bg7 5. Re1 e5 6. Nc3 Nge7 7. d3 O-O {LiveBook: 7 Games. B31: Sicilian: 2...Nc6 3 Bb5 g6} (7... d6 8. h3 O-O 9. Bc4 h6 10. Nd5 Nxd5 11. Bxd5 Kh7 12. c3 Ne7 13. Bc4 Be6 14. Bxe6 fxe6 15. Qb3 Qd7 16. a4 b6 17. Nd2 Nc6 18. Nf1 Rab8 {½-½ (18) Ilincic,Z (2407)-Czebe,A (2459) Kecskemet 2016}) 8. h3 Nd4 9. Bc4 Rb8 $146 {The position is equal.} ({Predecessor:} 9... d6 10. Nd5 Nxd5 11. Bxd5 Nxf3+ 12. Qxf3 Qe7 13. Qg3 Be6 14. Bxe6 Qxe6 {1-0 (38) Froschauer,H (2181)-Rosifka,W Austria 2000}) 10. Bg5 {[#] And now Nxd4 would win.} Ne6 11. Bxe7 Qxe7 12. Nd5 Qd8 13. a4 d6 14. c3 Kh8 15. Qb3 Ng5 {[#] Threatens to win with ...Nxf3+.} 16. Nxg5 Qxg5 17. Re3 {[%cal Be1e3,Be3g3,Bg3g4][%mdl 32]} f5 18. exf5 Bxf5 19. Rf1 Bd7 20. Qd1 Rf5 21. Bb5 Bc6 22. Rg3 Qd8 23. Ne3 Rf4 24. Rg4 a6 25. Bxc6 bxc6 26. Qe2 d5 (26... Rf7 $11) 27. Rxf4 $1 $14 exf4 28. Ng4 {[%cal Be3g4,Bg4h2,Bh2f3][%mdl 32]} Qd6 29. Re1 h5 {Strongly threatening ...f3.} 30. Nh2 c4 $2 (30... Bf6 $11 {and Black has nothing to worry.}) 31. dxc4 $18 d4 $2 (31... Bf6 {keeps fighting.} 32. Qd2 Kg7) 32. Qd3 Qf6 33. cxd4 Rxb2 34. Nf3 Ra2 (34... Qf5 $142 35. Re8+ Kh7 36. Qxf5 gxf5) 35. Qb3 {Precision: White = 63%, Black = 32%.} 1-0

[Event "ARM-ch Rapid 2019"]
[Site "Yerevan"]
[Date "2019.01.22"]
[Round "3.10"]
[White "Ter-Sahakyan, Samvel"]
[Black "Pashikian, Arman"]
[Result "1/2-1/2"]
[WhiteElo "2574"]
[BlackElo "2599"]
[Annotator "TA"]
[PlyCount "93"]
[EventDate "2019.01.22"]
[EventType "tourn"]
[EventCountry "ARM"]

{[%evp 27,93,24,22,29,20,12,53,62,44,29,43,47,51,22,48,34,43,41,26,34,37,27,29,31,77,81,94,49,51,51,45,20,19,18,17,21,70,52,80,80,80,83,72,25,37,16,17,14,16,0,8,0,0,0,0,0,0,0,0,0,8,8,8,0,0,0,0,0]} 1. d4 Nf6 2. c4 e6 3. Nc3 Bb4 4. Qc2 d5 5. a3 Bxc3+ 6. Qxc3 Ne4 7. Qc2 c5 8. dxc5 Nc6 9. Nf3 Qa5+ 10. Bd2 {E37: Nimzo-Indian: Classical: 4...d5 5 a3 Bxc3+ 6 Qxc3 Ne4} Qxc5 11. e3 Nxd2 12. Nxd2 dxc4 13. Bxc4 O-O 14. b4 Qe7 {LiveBook: 9 Games} 15. Bd3 (15. O-O Rd8 16. Bd3 h6 17. Be4 Rb8 {½-½ (91) Parligras,M (2623)-Karjakin,S (2760) Douglas 2018}) 15... h6 16. Qc3 Qf6 17. Qxf6 gxf6 18. O-O-O $146 Ne7 19. Kb2 f5 20. Nc4 b6 21. Rhg1 $36 {[%mdl 2048] White fights for an advantage.} Rd8 22. g4 {[#] And now gxf5+ would win.} Kf8 23. gxf5 exf5 24. Ne5 Be6 25. Ba6 f4 26. exf4 f6 27. Nf3 (27. Bc4 {is interesting.} Bxc4 28. Nxc4 Nf5 29. Ne3 Rxd1 30. Rxd1 Nxe3 31. fxe3 Ke7 32. Kc3) 27... Rxd1 28. Rxd1 Bg4 29. Rd3 Ng6 30. Nd4 {Rg3 is the strong threat.} Nxf4 31. Re3 Re8 32. Nc6 Nh3 33. Rxe8+ ({Not} 33. Nxa7 Ra8 $17) 33... Kxe8 34. Nxa7 $16 {[%mdl 4096] Endgame KBN-KBN} Kd8 35. Nc6+ Kd7 36. Bb5 Kd6 {The position is equal.} 37. a4 Nxf2 38. a5 bxa5 39. bxa5 Bf3 40. Nd4 Kc5 41. Nxf3 {[#] Strongly threatening Be2.} (41. Kc3 {with more complications.} Nd1+ 42. Kd3 Bb7 43. Bd7 Ba6+ 44. Kd2) 41... Kxb5 $11 {KN-KN} 42. Kc3 h5 43. Kd4 h4 44. Nxh4 {Black must now prevent Ng2.} Ng4 45. Ke4 Nxh2 46. Kf5 Kxa5 47. Kxf6 {Accuracy: White = 68%, Black = 75%.} 1/2-1/2

[Event "ARM-ch Rapid 2019"]
[Site "Yerevan"]
[Date "2019.01.22"]
[Round "4.1"]
[White "Hovhannisyan, Robert"]
[Black "Vardanian, Haik V."]
[Result "1-0"]
[WhiteElo "2637"]
[BlackElo "2234"]
[Annotator "TA"]
[PlyCount "53"]
[EventDate "2019.01.22"]
[EventType "tourn"]
[EventCountry "ARM"]

{[%evp 19,53,37,45,56,75,33,167,171,163,166,151,47,268,266,280,252,254,206,322,295,401,410,429,377,529,479,589,587,560,306,266,259,29989,29990,29990,29991]} 1. e4 c5 2. Nf3 e6 3. d4 cxd4 4. Nxd4 a6 5. Nc3 Nc6 6. Nxc6 bxc6 7. Bd3 d5 8. O-O Nf6 9. Qf3 {B46: Sicilian: Taimanov: 5 Nc3 a6} (9. Qe2 Be7 10. b3 O-O 11. Bb2 Bb7 12. Rad1 Qc7 13. Na4 dxe4 14. Bxe4 Nxe4 15. Qxe4 c5 16. Qg4 g6 17. c4 Rfd8 18. Bc3 Rxd1 19. Rxd1 Rd8 20. Rxd8+ Qxd8 {1-0 (42) Anand,V (2773)-Grachev,B (2626) St Petersburg 2018}) 9... Be7 10. Qg3 g6 {LiveBook: 5 Games} 11. Bh6 {White is slightly better.} Rg8 $146 ({Predecessor:} 11... Bf8 12. Bxf8 Kxf8 13. Rad1 Kg7 14. Rfe1 Ra7 15. Na4 Qa5 16. b3 Rd8 {1-0 (41) Van Kampen,R (2574)-Cramling,P (2516) England 2013}) 12. Rad1 a5 (12... g5 $1 $14) 13. exd5 $18 exd5 14. Rfe1 Be6 15. Ne2 ({White should try} 15. Qf3 $16) 15... Qd7 $2 ({Black should play} 15... Ng4 $1 $14 16. Be3 Kd7) 16. Nd4 Bc5 17. Qf4 Nh5 18. Qg4 {[%cal Rd4e6]} Bxd4 (18... Kd8 $142 19. Nxe6+ fxe6) 19. Qxd4 Qa7 20. Qh4 Kd7 21. c4 {[#] Strongly threatening cxd5.} Rae8 (21... d4 $142 22. Be4 c5 23. Bxa8 Qxa8) 22. Be4 Qb7 23. cxd5 cxd5 {[#]} 24. Bxd5 $1 {[%mdl 512]} Bxd5 25. Qa4+ Qc6 $2 (25... Kd8 $18 26. Be3 (26. Qxa5+ Kc8 $16) 26... Nf6) 26. Rxd5+ $1 {[%mdl 64] Double Attack} Kc7 27. Qxa5+ {Accuracy: White = 56%, Black = 28%.} 1-0